| 000 | 00839nam a2200229 a 4500 | ||
|---|---|---|---|
| 005 | 20140412111240.0 | ||
| 008 | 001111s19uu xx 00 eng d | ||
| 020 | _a0-7214-0789-7 | ||
| 050 |
_aM 813.2 _bCo776 1983 |
||
| 100 | _aCooper, James Fenimore, 1789-1851 | ||
| 245 |
_aThe last of the Mohicans / _cJames Fenimore Cooper ; retold in simple language by Frank Humphris ; illustrated by Frank Humprhis. |
||
| 260 |
_aUK : _bLadybird, _c1983. |
||
| 300 | _a1 v. (unp.) | ||
| 440 | _aLadybird Children's Classic | ||
| 650 | _aBumppo, Naty (Fictitious Character) -- Fiction | ||
| 650 | _aMohegan Indians -- Fiction | ||
| 650 | _aUnited states -- History -- French and Indian War, 1755-1763 | ||
| 650 | _aFrontier and pioneer life -- Fiction | ||
| 650 | _aAdventures stories | ||
| 650 | _aHistorical Fiction | ||
| 999 |
_c102661 _d102661 |
||